| 000 | 00478nam a2200181Ia 4500 | ||
|---|---|---|---|
| 003 | LK-CoDNM | ||
| 005 | 20240826144333.0 | ||
| 008 | 010623t1921 xxu||||| |||| 00| 1 eng d | ||
| 040 |
_aLK-CoDNM _dLK-CoDNM _eLK-CoDNM |
||
| 041 | _aeng | ||
| 080 |
_a22 _bK16 |
||
| 100 | _aTagore, Rabindranath | ||
| 245 | _aGlimpses of Bengal Selected from the Letters | ||
| 260 |
_bMacmillan and co. limited _aLondon _c1921 |
||
| 300 | _b166p. : 20 cm | ||
| 650 | _a1885-1895 | ||
| 942 | _cBK | ||
| 999 |
_c90431 _d90431 |
||